|
|
|
|
| LEADER |
01989cas a2200277 a 4500 |
| 001 |
AALejournalIMF016751 |
| 008 |
230101c9999 xx r poo 0 0eng d |
| 020 |
|
|
|c 5.00 USD
|
| 020 |
|
|
|z 9781484321713
|
| 022 |
|
|
|a 1018-5941
|
| 040 |
|
|
|a BD-DhAAL
|c BD-DhAAL
|
| 100 |
1 |
|
|a Heng, Dyna.
|
| 245 |
1 |
0 |
|a Advancing Financial Development in Latin America and the Caribbean /
|c Dyna Heng, Anna Ivanova, Rodrigo Mariscal, Uma Ramakrishnan.
|
| 264 |
|
1 |
|a Washington, D.C. :
|b International Monetary Fund,
|c 2016.
|
| 300 |
|
|
|a 1 online resource (32 pages)
|
| 490 |
1 |
|
|a IMF Working Papers
|
| 500 |
|
|
|a <strong>Off-Campus Access:</strong> No User ID or Password Required
|
| 500 |
|
|
|a <strong>On-Campus Access:</strong> No User ID or Password Required
|
| 506 |
|
|
|a Electronic access restricted to authorized BRAC University faculty, staff and students
|
| 520 |
3 |
|
|a This paper examines the state of financial development in the Latin America and Caribbean (LAC) region as well as potential growth and stability implications from further development. The analysis suggests that access to financial institutions has expanded notably in the past decade, and the region compares favorably with other emerging market regions on this dimension. The region, however, continues to lag behind peers on broader financial development, especially with respect to markets, though there is substantial heterogeneity across countries. Financial systems in many LAC countries are also underdeveloped relative to their macroeconomic fundamentals. Further financial development could convey net benefits to the region, provided there is adequate regulatory oversight to prevent excesses.
|
| 538 |
|
|
|a Mode of access: Internet
|
| 700 |
1 |
|
|a Ivanova, Anna.
|
| 700 |
1 |
|
|a Mariscal, Rodrigo.
|
| 700 |
1 |
|
|a Ramakrishnan, Uma.
|
| 830 |
|
0 |
|a IMF Working Papers; Working Paper ;
|v No. 2016/081
|
| 856 |
4 |
0 |
|z Full text available on IMF
|u http://elibrary.imf.org/view/journals/001/2016/081/001.2016.issue-081-en.xml
|z IMF e-Library
|